| 000 | 00747nam a22001577a 4500 | ||
|---|---|---|---|
| 999 |
_c4535 _d235039 |
||
| 080 | _a343.85 D 392 | ||
| 100 |
_4aut _aDe Marco, Gaston Alexis Anibal |
||
| 245 |
_aPolítica de prevención del Delito en la Ciudad de mar del Plata _bbreves propuestas para mejorar la problemática de la inseguridad ciudadana |
||
| 300 | _a229 P. | ||
| 500 | _aDirector de tesis: Binder, Alberto | ||
| 502 | _aTesis (Master)--Universidad de Barcelona. Universidad Nacional de Mar del Plata. Facultad de Derecho. Departamento de Posgrado, (S/ F). | ||
| 504 | _aTiene Bibliografía: P. 193- 201. | ||
| 650 |
_2IEDCYT _aderecho penal _ainseguridad _aGeneral Pueyrredon _ainseguridad ciudadana _avictimizacion _aprevencion |
||
| 945 |
_acd _d2017-07-14 |
||